Euroopan maantiedettä kirjaimittain - T #1 - Statistics

Yleistilastot
  • Tätä visaa on pelattu 853 kertaa
  • Keskiarvotulos 10 / 20
Vastaustilastot
Vihje Vastaus % Oikein
Viron pääkaupunki Tallinna
99%
Suomen suurin sisämaakaupunki Tampere
94%
Noin 3 % tämän valtion pinta-alasta sijaitsee Euroopassa Turkki
92%
Lontoon halki virtaava joki Thames
88%
Albanian pääkaupunki Tirana
87%
Vuoden 2006 talviolympialaiset järjestänyt Italian kaupunki Torino
84%
Suuren osan Suomen ja Norjan välisestä rajasta muodostava joki Teno
66%
Italiassa sijaitseva alue, jonka pääkaupunki on Firenze Toscana
59%
Norjan kolmanneksi suurin kaupunki Oslon ja Bergenin jälkeen Trondheim
58%
Kreikan toiseksi suurin kaupunki Thessaloniki
46%
Ilmailualan teollisuudesta tunnettu kaupunki Etelä-Ranskassa Toulouse
41%
Historiallinen alue Romanian keskiosissa Transilvania
37%
Venäjällä sijaitseva tasavalta, jonka pääkaupunki on Kazan ja jonka asukkaista suurin osa kuuluu turkkilaiseen kansaan {Tatar}stan
33%
Italian satamakaupunki Slovenian vastaisella rajalla Trieste
29%
Kuuluisa suihkulähde Roomassa {Trevin} suihkulähde
27%
Karpaatteihin kuuluva vuoristo Slovakian ja Puolan rajalla {Tatra}vuoret
22%
Ranskan suurnopeusjunajärjestelmän lyhenne TGV
19%
Keski-Saksassa sijaitseva osavaltio Thüringen
16%
Espanjan entinen ja Kastilia-La Manchan alueen nykyinen pääkaupunki Toledo
16%
Manner-Italian länsirannikon, Sardinian ja Sisilian ympäröimä merialue {Tyrrhenan}meri
14%
Ehtoja vastaavia visoja ei löytynyt
Tulosjakauma
Jokaisen tuloksen saaneiden osuus
Persentiili vastausten määrän mukaan
Tuloshistoriasi
Et ole pelannut tätä visaa